| 000 | 00638nam a2200217Ia 4500 | ||
|---|---|---|---|
| 003 | OSt | ||
| 005 | 20220926001030.0 | ||
| 006 | a|||||r|||| 00| 0 | ||
| 007 | ta | ||
| 008 | 220923b |||||||| |||| 00| 0 eng d | ||
| 037 | _cGeneral Book | ||
| 040 |
_aRTL _cRTL _beng |
||
| 041 |
_2eng _aeng |
||
| 082 | _aW81.58ok2.N8, M8/SC | ||
| 100 |
_aGARG R K Ed. _9303359 |
||
| 245 | 0 |
_aPerestroika and glasnost _b Perspectives for India. |
|
| 260 |
_a New Delhi _bKrishna Menon Society _c1988 |
||
| 300 |
_axiii,202p. _ccm. |
||
| 942 |
_hW81.58ok2.N8, M8/SC _cGB _2CC |
||
| 999 |
_c600258 _d600258 |
||